| 000 | 00624nam a22001697a 4500 | ||
|---|---|---|---|
| 003 | BD-DhUL | ||
| 005 | 20160829112533.0 | ||
| 008 | 160829b xxu||||| |||| 00| 0 eng d | ||
| 040 | _cBD-DhUL | ||
| 082 |
_a914.7 _bABA |
||
| 100 | _aশামসুদ্দীন, আবু জাফর | ||
| 245 |
_aআরেক ভুবন সোভিয়েত ইউনিয়ন / _cশামসুদ্দীন, আবু জাফর |
||
| 260 |
_aঢাকা : _bপ্রাচ্য, _c১৯৮৩. |
||
| 300 |
_a১৮১ পৃ. ; _c২০ সেমি. |
||
| 650 |
_aইতিহাস _vHistory |
||
| 942 |
_2ddc _cBK |
||
| 999 |
_c102191 _d102191 |
||